06_山形県の市町村(ひらがな対応・五十音順) - Statistics

General Stats
  • This quiz has been taken 46 times
  • The average score is 29 of 35
Answer Stats
種類 市町村名 % Correct
新庄市
100%
村山市
100%
山形市
100%
尾花沢市
96%
寒河江市
96%
酒田市
96%
鶴岡市
96%
天童市
96%
東根市
96%
南陽市
92%
遊佐町
92%
米沢市
92%
大石田町
88%
小国町
88%
長井市
88%
飯豊町
84%
上山市
84%
鮭川村
84%
庄内町
84%
朝日町
80%
真室川町
80%
三川町
80%
高畠町
76%
最上町
76%
大江町
72%
中山町
72%
西川町
72%
舟形町
72%
山辺町
72%
大蔵村
64%
河北町
64%
白鷹町
64%
金山町
60%
川西町
60%
戸沢村
56%
No matching quizzes found
Score Distribution
Percent of People with Each Score
Percentile by Number Answered
Your Score History
You have not taken this quiz